000 00830nam a2200205Ii 4500
003 JO-AjNU
008 230605s9999||||xx |||||||||||||| ||und||
040 _aJO-AjNU
_bara
_erda
_cJO-AjNU
041 _aara
050 1 4 _aBP166.I27 1986
100 3 _aابن تيميه،أبي العباس تقي الدين ، تحقيق: محمد رشاد سالم,
_eauthor
_943483
245 0 0 _aمنهاج السنة النبوية، ج5
250 _aط1
264 3 1 _aالمملكة العربية السعودية: جامعة الإمام محمد بن سعود الإسلامية، 1986
300 _aج5، 534ص
336 _atext
_btxt
_2rdacontent
337 _aunmediated
_bn
_2rdamedia
338 _avolume
_bnc
_2rdacarrier
650 4 _aالقدرية- فرق اسلامية- الشيعة- تاريخ- علم الكلام
_943484
999 _aA18697
_c22265
_d22265